| 000 | 01416cam a2200349 a 4500 | ||
|---|---|---|---|
| 001 | EDZ0000064181 | ||
| 003 | StDuBDS | ||
| 005 | 20161031105200.0 | ||
| 006 | m||||||||d|||||||| | ||
| 007 | cr ||||||||||| | ||
| 008 | 120327s2001 enka fo| 001|0|eng|d | ||
| 020 |
_a9781446217818 (ebook) : _cNo price |
||
| 040 |
_aStDuBDS _beng _cStDuBDS _epn |
||
| 049 | _aAlfaisal Main Library | ||
| 050 | 0 |
_aHD30.28 _b.R472 2001 |
|
| 082 | 0 | 4 |
_a658.4012 _223 |
| 245 | 0 | 0 |
_aRethinking strategy _h[electronic resource] / _cedited by Henk W. Volberda and Tom Elfring. |
| 260 |
_aLondon : _bSAGE, _cc2001. |
||
| 300 |
_a1 online resource (xiii, 322 p.) : _bill. |
||
| 520 | 8 | _aSummarising the latest directions and developments in strategic management theory, synthesising American and European approaches, the contributors address topics such as time as a strategic factor, knowledge intensive firms and fragmentation. | |
| 521 | _aSpecialized. | ||
| 588 | _aDescription based on print version record. | ||
| 504 | _aIncludes bibliographical references and index. | ||
| 650 | 0 | _aStrategic planning. | |
| 655 | 7 |
_aElectronic books. _2local |
|
| 700 | 1 |
_aVolberda, Henk Wijtze, _d1964- |
|
| 700 | 1 |
_aElfring, Tom, _d1957- |
|
| 710 | 2 | _aSage eBooks | |
| 776 | 0 | 8 |
_iPrint version : _z9780761956457 |
| 856 | 4 | 0 | _uhttp://ezproxy.alfaisal.edu/login?url=http://sk.sagepub.com/books/rethinking-strategy |
| 942 |
_2lcc _cEBOOKS |
||
| 999 |
_c481121 _d481121 |
||